00856nam a2200253 a 450000100060000000300080000600500170001400800410003102000150007202000150008703500190010204000350012104100080015608200240016424501190018826000490030730000350035649000380039165000370042965000260046670000380049270000300053083000420056069557BD-RjUL20211209081913.0920501s1991 gw b 100 0 eng d a0387540245 a3540540245 a(BD-RjUL)69769 aBD-RjULdBD-RjULbengcBD-RjUL aeng a515.7223bGEO 199100aGeometric aspects of functional analysis :bIsrael Seminar (GAFA) 1989-90 /cJ. Lindenstrauss, V.D. Milman (eds.). aBerlin ;aLondon :bSpringer-Verlag,cc1991. aviii, 191 p. :bill. ;c25 cm. aLecture notes in mathematics 1469 0aFunctional analysisvCongresses. 0aGeometryvCongresses.1 aLindenstrauss, Joram,d1936-2012.1 aMilman, Vitali D.,d1939- 0aLecture notes in mathematics ;v1469.